000 00613nam a22002297a 4500
003 UA-OsUOA
001 51884
007 ta
008 20080123b un ||||| |||| 00| 0 ukr d
100 _aКашин В.
090 _a821.161.2
_bК31
942 _cBK
040 _aUA-OsUOA
_bukr
_cUA-OsUOA
_dUA-OsUOA
245 _aСправедливість - моє ремесло
_bРомани
300 _a604 с.
955 _a3
041 _aukr
080 _a821.161.2
260 _aК.
_bДніпро
_c1983
650 7 _a82 Література. Літературознавство
_2UDC
999 _c337964
_d337964